| 000 | 00351nam a22001217a 4500 | ||
|---|---|---|---|
| 999 |
_c1715 _d1715 |
||
| 005 | 20200903110324.0 | ||
| 008 | 200903b ||||| |||| 00| 0 eng d | ||
| 020 | _a0340364726 | ||
| 040 | _cCML | ||
| 245 |
_aTools and Processes. _cYarwood, A. |
||
| 260 |
_aLondon _bHodder and Stoughton _c1985 |
||
| 942 |
_2ddc _cBK _e1st Edition _h694 _mYAR |
||